Estabilidad macroeconómica y el sistema político en Colombia / (Registro nro. 8550)

Detalles MARC
000 -LEADER
fixed length control field 01050nam a2200253Ia 4500
003 - CONTROL NUMBER IDENTIFIER
control field OSt
005 - DATE AND TIME OF LATEST TRANSACTION
control field 20210922160802.0
008 - FIXED-LENGTH DATA ELEMENTS--GENERAL INFORMATION
fixed length control field 210310s1998 ck ad fr 000 0 spa d
040 ## - CATALOGING SOURCE
Original cataloging agency CO-JMCR
Transcribing agency CO-JMCR
041 0# - LANGUAGE CODE
Language code of text/sound track or separate title spa
082 04 - DEWEY DECIMAL CLASSIFICATION NUMBER
Classification number 339.5 /
Item number M777e
Edition number 23
100 1# - MAIN ENTRY--PERSONAL NAME
Personal name Montenegro, Santiago,
9 (RLIN) 17599
Relator term autor
245 10 - TITLE STATEMENT
Title Estabilidad macroeconómica y el sistema político en Colombia /
Statement of responsibility, etc. Santiago Montenegro
260 ## - PUBLICATION, DISTRIBUTION, ETC.
Place of publication, distribution, etc. Bogotá :
Name of publisher, distributor, etc. Universidad de los Andes,
Date of publication, distribution, etc. 1998
300 ## - PHYSICAL DESCRIPTION
Extent 28 páginas :
Other physical details ilustraciones y gráficas a blanco y negro ;
Dimensions 28 cm.
490 0# - SERIES STATEMENT
Series statement Documento CEDE ;
Volume/sequential designation 98-13
500 ## - GENERAL NOTE
General note Incluye notas a pie de página.
504 ## - BIBLIOGRAPHY, ETC. NOTE
Bibliography, etc. note Bibliografía: páginas 25-28
505 0# - FORMATTED CONTENTS NOTE
Formatted contents note índices de volatilidad macroeconómica en América Latina -- Cinco hipótesis sobre la estabilidad macroeconómica de Colombia
650 14 - SUBJECT ADDED ENTRY--TOPICAL TERM
Topical term or geographic name entry element Estabilización económica
9 (RLIN) 17601
Geographic subdivision Colombia
650 24 - SUBJECT ADDED ENTRY--TOPICAL TERM
Topical term or geographic name entry element Estabilización económica
General subdivision Aspectos políticos
Geographic subdivision Colombia
9 (RLIN) 40717
651 #4 - SUBJECT ADDED ENTRY--GEOGRAPHIC NAME
Geographic name Colombia
General subdivision Condiciones económicas
Chronological subdivision 1970
9 (RLIN) 40718
942 ## - ADDED ENTRY ELEMENTS (KOHA)
Source of classification or shelving scheme Dewey Decimal Classification
Koha item type Books
Existencias
Withdrawn status Lost status Source of classification or shelving scheme Damaged status Not for loan Collection code Home library Current library Date acquired Source of acquisition Full call number Barcode Date last seen Copy number Koha item type
    Dewey Decimal Classification     Non-fiction Biblioteca Pública José María del Castillo y Rada Biblioteca Pública José María del Castillo y Rada 04/15/2018 Donación 339.5 / M777e 430006275 05/16/2024 Ej.1 Books